Cuando yo sea grande/ (Registro nro. 38577)

Detalles MARC
000 -CABECERA
Longitud fija campo de control 01194nam a2200325 i 4500
003 - • IDENTIFICADOR DELl NÚMERO DE CONTROL
Identificador del número de control CO-BoRNBP
005 - • FECHA Y HORA DE LA ÚLTIMA TRANSACCIÓN
Fecha y hora de la última transacción 20241122090606.0
007 - • CAMPO FIJO DE DESCRIPCIÓN FÍSICA
Campo fijo de descripción física ta
008 - • CÓDIGOS DE INFORMACIÓN DE LONGITUD FIJA
Códigos de información de longitud fija 241122s2021 ck a|||| |||| 00| 0 esp d
020 ## - • NÚMERO INTERNACIONAL NORMALIZADO PARA LIBROS
Número Internacional Normalizado para Libros (ISBN) 9789585159815
040 ## - FUENTE DE LA CATALOGACIÓN
Centro catalogador de origen CO-BoRNBP
Lengua de catalogación spa
Centro transcriptor CO-BoRNBP
Normas de descripción rda
043 ## - CÓDIGO DE ÁREA GEOGRÁFICA
Código de área geográfica s-ck---
082 ## - • NÚMERO DE LA CLASIFICACIÓN DECIMAL DEWEY
Número de clasificación (R) 861.5 L65c
Número del ítem L65c
Número de edición Primera edición
100 1# - • PUNTO DE ACCESO PRINCIPAL-NOMBRE DE PERSONA
Nombre de persona Londoño, Dilia
245 1# - • TITULO PROPIAMENTE DICHO
Título Cuando yo sea grande/
Mención de responsabilidad, etc. Dilia Londoño; ilustraciones, Chío Padilla.
250 ## - • MENCIÓN DE EDICIÓN
Mención de edición Primera edición
264 #4 - PRODUCCIÓN, PUBLICACIÓN , DISTRIBUCIÓN, FABRICACIÓN Y COPYRIGHT
Lugar de producción, publicación, distribución, fabricación Bogota, Colombia.
Nombre del productor, editor, distribuidor, fabricante Enlace Editorial
Fecha de de producción, publicación, distribución, fabricación o copyright ©2021
300 ## - • DESCRIPCIÓN FÍSICA
Extensión 43 páginas,
Otras características físicas ilustraciones a color,
Dimensiones 20 cm.
Material Anexo Cartilla de entrenamiento de lectura
336 ## - TIPO DE CONTENIDO
Fuente rdacontent
Término de tipo de contenido texto
Código de tipo de contenido txt
337 ## - TIPO DE MEDIO
Fuente rdamedia
Nombre del tipo de medio sin mediación
Código del tipo de medio n
338 ## - TIPO DE SOPORTE
Fuente rdacarrier
Nombre del tipo de soporte volumen
Código del tipo de soporte nc
490 ## - • MENCIÓN DE SERIE
Mención de serie Colección El Tren Dorado, Tercera estación
650 ## - • PUNTO DE ACCESO ADICIONAL DE MATERIA - TÉRMINO DE MATERIA
Fuente del encabezamiento o término LEMB
Término de materia o nombre geográfico como elemento inicial Literatura infantil
650 ## - • PUNTO DE ACCESO ADICIONAL DE MATERIA - TÉRMINO DE MATERIA
Fuente del encabezamiento o término LEMB
Término de materia o nombre geográfico como elemento inicial Poesía infantil
650 ## - • PUNTO DE ACCESO ADICIONAL DE MATERIA - TÉRMINO DE MATERIA
Fuente del encabezamiento o término LEMB
Término de materia o nombre geográfico como elemento inicial Vida
Subdivisión de forma familia
Subdivisión de materia general amor
700 ## - • PUNTO DE ACCESO ADICIONAL - NOMBRE DE PERSONA
Nombre de persona Alfonso Rubiano
Término indicativo de función Dirección general
700 ## - • PUNTO DE ACCESO ADICIONAL - NOMBRE DE PERSONA
Nombre de persona Nathalia Castañeda Aponte
Término indicativo de función Dirección editorial
700 ## - • PUNTO DE ACCESO ADICIONAL - NOMBRE DE PERSONA
Nombre de persona Julio Enrique Higuera Monroy
Término indicativo de función Diagramación
942 ## - ENTRADA DE ELEMENTOS AGREGADOS (KOHA)
Fuente de clasificaión o esquema Dewey Decimal Classification
Koha [por defecto] tipo de item Libro Infantil
Existencias
Perdido Fuente de clasificación o esquema Estado Físico No para préstamo Forma de adquisición Localización permanente Localización actual Localización en estanterías Fecha adquisición Préstamos totales Signatura completa Código de barras Fecha última consulta Número de copia Fecha del precio de reemplazo Tipo de item de Koha Número de registro Fecha último préstamo Note pública Fuente de adquisición Calificador de ubicación codificada
  Dewey Decimal Classification     Infantil Biblioteca Pública Dorado Biblioteca Pública Dorado Sala Infantil 03/31/2025   861.5 L65c L65c DOR00654 03/31/2025 Ej.1 03/31/2025 Libro Infantil          
  Dewey Decimal Classification     Infantil Biblioteca Pública José Eustasio Rivera - San Martin Biblioteca Pública José Eustasio Rivera - San Martin Sala Infantil 05/22/2025   861.5 L65c L65c SM03900 05/22/2025 Ej.1 05/22/2025 Libro Infantil          
  Dewey Decimal Classification     Colección General Biblioteca Pública Puerto Lleras Biblioteca Pública Puerto Lleras Literatura 11/26/2025   P LON1 PLL02595 11/26/2025 Ej.1 11/26/2025 Libro Infantil          
  Dewey Decimal Classification     Infantil Biblioteca Pública San Carlos de Guaroa - Eduardo Carranza Biblioteca Pública San Carlos de Guaroa - Eduardo Carranza Literatura 02/11/2025   861.5 L65c L65c SG02274 02/11/2025 Ej.1 02/11/2025 Libro Infantil          
  Dewey Decimal Classification     Infantil Biblioteca Pública Acacias - Carlos María Hernández Rojas Biblioteca Pública Acacias - Carlos María Hernández Rojas Sala Infantil 06/20/2025   P LON2 ACA18959 06/20/2025 Ej.1 06/20/2025 Libro Infantil          
  Dewey Decimal Classification     Infantil Biblioteca Pública Guamal Biblioteca Pública Guamal Sala Infantil 11/22/2024   861.5 L65c GUA004544 11/22/2024 Ej.1 11/22/2024 Libro Infantil          
  Dewey Decimal Classification     Infantil Biblioteca Pública Mesetas - Franco lodo Poloxi Biblioteca Pública Mesetas - Franco lodo Poloxi Sala Infantil 07/24/2025   C LON ME00669 12/06/2024 Ej.1 12/06/2024 Libro Infantil          
  Dewey Decimal Classification     Infantil Biblioteca Pública Mesetas - Franco lodo Poloxi Biblioteca Pública Mesetas - Franco lodo Poloxi Sala Infantil 08/20/2025   C LON ME02267 08/20/2025 Ej.1 08/20/2025 Libro Infantil          
  Dewey Decimal Classification     Infantil Biblioteca Pública Mesetas - Franco lodo Poloxi Biblioteca Pública Mesetas - Franco lodo Poloxi Sala Infantil 08/20/2025   C LON ME02273 08/20/2025 Ej.1 08/20/2025 Libro Infantil          
  Dewey Decimal Classification     Infantil Biblioteca Pública Rural El Yarí- vereda Playa Rica La Macarena Biblioteca Pública Rural El Yarí- vereda Playa Rica La Macarena Sala Infantil 06/12/2025   861.5 L65c L65c 9789585159815 07/02/2025 Ej.1 07/02/2025 Libro Infantil       ministerio de cultura 9789585159815
  Dewey Decimal Classification     Infantil Biblioteca Pública San Juanito - Ernesto Maria Peña Romero Biblioteca Pública San Juanito - Ernesto Maria Peña Romero Sala Infantil 01/28/2025 1 P LON SJU01269 06/09/2025 Ej.1 01/28/2025 LIbro   05/07/2025      
  Dewey Decimal Classification     Infantil Biblioteca Pública San Juanito - Ernesto Maria Peña Romero Biblioteca Pública San Juanito - Ernesto Maria Peña Romero Sala Infantil 05/07/2025    861.5 L65c CARTILLA SJU01268 05/07/2025 Ej.1 05/07/2025 Libro Infantil     CARTILLA    
  Dewey Decimal Classification       Biblioteca Pública Vistahermosa Biblioteca Pública Vistahermosa   12/17/2024   861.5 L65c L65c VISTA 0001479 12/17/2024 Ej.1 12/17/2024 Libro Infantil 861.5 L65c        









Instituto Departamental de Cultura del Meta - Red Departamental de Bibliotecas Públicas del Meta.